| 000 | 00539nam a22001817a 4500 | ||
|---|---|---|---|
| 003 | CEME | ||
| 005 | 20210628210451.0 | ||
| 008 | 210204b xxu||||| |||| 00| 0 eng d | ||
| 020 | _a0-8031-1285-8 | ||
| 040 | _c. | ||
| 082 | _a628.364 GEO | ||
| 100 |
_aLandva, Arvid, Knowles, David _979492 |
||
| 245 | _aGeotechnics of wast fills, theory and practice | ||
| 260 |
_aUSA _bASTM _c1990 |
||
| 300 | _a375P | ||
| 650 |
_aSANITARY LANDFILLS CONGRESSES, ENGINEERING GEOLOGY CONGRESSES, GROUNDWATER FLOW CONGRESSES _979493 |
||
| 942 |
_cBK _2ddc |
||
| 999 |
_c584533 _d584533 |
||